[Event "Bad Woerishofen op"]
[Site "Bad Woerishofen"]
[Date "2001.??.??"]
[Round "7"]
[White "Born, Ludger"]
[Black "Gossmann, Ewald"]
[Result "1/2-1/2"]
[WhiteElo "1800"]
[BlackElo "2014"]
[Annotator "ChessOrg"]
[PlyCount "55"]
[EventDate "1998.03.05"]
[Source "ChessBase"]
[SourceDate "1998.04.29"]

1. c4 {A21: Englische Eroeffnung} 1... g6 2. Nc3 Bg7 3. g3 e5 4. Bg2 d6 5. e3
f5 6. Nge2 6... c6 {letzter Buchzug} 7. d4 e4 8. d5 Ne7 9. Qb3 (9. O-O 9... O-O
$11) 9... Na6 10. O-O Nc5 11. Qc2 a5 (11... cxd5 12. cxd5 O-O 13. f3 $15) 12.
f3 $11 12... exf3 13. Bxf3 O-O 14. Bd2 Qb6 15. Rae1 Bd7 16. Kg2 Rae8 17. Bc1 (
17. b3 17... Bc8 $11) 17... cxd5 $15 18. Nxd5 Nxd5 19. Bxd5+ (19. cxd5 $143
19... Bb5 $17) 19... Kh8 20. Nc3 Bc6 21. b3 Ne4 22. Na4 (22. Bb2 22... Nf6 $11)
22... Qa7 23. Rd1 Be5 24. Rfe1 Nf6 25. Bxc6 (25. Nc3 25... a4 $11) 25... bxc6
26. Bb2 Bxb2 27. Qxb2 Rxe3 28. Rxd6 $4 (28. Rxe3 $142 28... Qxe3 29. Rxd6 Qe4+
30. Kf2 $11) 1/2-1/2

[Event "Bad Woerishofen op"]
[Site "Bad Woerishofen"]
[Date "2001.??.??"]
[Round "9"]
[White "Born, Ludger"]
[Black "Krotofil, Kurt"]
[Result "1/2-1/2"]
[WhiteElo "1800"]
[BlackElo "2137"]
[Annotator "ChessOrg"]
[PlyCount "36"]
[EventDate "1998.03.05"]
[Source "ChessBase"]
[SourceDate "1998.04.29"]

1. c4 {A38: Englische Eroeffnung (Symmetrische Variante)} 1... Nf6 2. Nc3 c5 3.
Nf3 Nc6 4. g3 g6 5. Bg2 Bg7 6. O-O O-O 7. Rb1 d6 8. d3 Bg4 9. h3 Bd7 10. a3
10... a5 {letzter Buchzug} 11. Bd2 Ne8 12. e3 Nc7 13. Kh2 Rb8 14. a4 Na6 15.
Ne2 Nab4 16. Bc3 e5 17. Ne1 Be6 18. e4 (18. f4 18... Re8 $11) 18... f5 1/2-1/2

[Event "Bad Woerishofen op"]
[Site "?"]
[Date "2001.??.??"]
[Round "1"]
[White "Braun, Peter"]
[Black "Schwarz, Werner"]
[Result "1-0"]
[WhiteElo "2258"]
[BlackElo "1864"]
[Annotator "ChessOrg"]
[PlyCount "95"]
[EventDate "2000.??.??"]

1. d4 {A52: Budapester Gambit (Hauptvariante)} 1... Nf6 2. c4 e5 3. dxe5 Ng4 4.
e4 Nxe5 5. f4 Nec6 6. Be3 6... d6 {letzter Buchzug} 7. Nf3 g6 8. Nc3 Bg7 9. Qd2
a5 10. Rd1 Na6 11. Be2 Be6 12. Qc1 Qe7 13. O-O O-O-O 14. Nd5 Qf8 15. a3 Nc5 (
15... f5 16. exf5 Bxf5 17. Qd2 $11) 16. Bxc5 (16. f5 $5 16... Bxd5 17. exd5 $11
) 16... dxc5 $11 17. e5 Ne7 (17... h6 18. Qc2 $11) 18. Nxe7+ Qxe7 19. Qc3 b6
20. Ng5 c6 (20... Bd7 $5 $11) 21. Ne4 $16 (21. Nxe6 $143 21... fxe6 (21... Qxe6
$143 22. b4 $16) 22. Qe3 22... Kb7 $14) 21... Qf8 22. Qb3 Kc7 23. Qa4 (23. Rd6
Bf5 24. Rfd1 Rxd6 25. Nxd6 25... Bd7 $16) 23... f6 (23... Rxd1 $5 24. Rxd1
24... Qa8 $14) 24. Rxd8 $16 24... Qxd8 25. Rd1 Qe7 26. Rd6 Bd7 27. Nxf6 (27.
exf6 $143 27... Bxf6 28. Bf3 28... Bxb2 $17) 27... Bxf6 28. Rxf6 (28. Bg4 Qxd6
29. exd6+ Kxd6 30. Bxd7 Kxd7 31. Qb3 Bd4+ 32. Kf1 $16) 28... Rf8 $14 29. Rxf8
Qxf8 30. g3 Qf5 (30... g5 31. Qc2 gxf4 32. Qxh7 fxg3 33. hxg3 $16) 31. Qd1 Qe4
32. Qd3 Qd4+ 33. Qxd4 cxd4 34. Kf2 c5 35. g4 Kd8 36. Kg3 Ke7 37. Bd3 Ke6 38.
Be4 Ba4 39. Kf2 Bd7 (39... Bb3 $5 40. Bd5+ 40... Kd7 $18) 40. h3 Be8 41. Kf3 h6
42. Bd5+ Ke7 43. f5 43... g5 $2 (43... gxf5 44. gxf5 Kd7 45. b3 $18) 44. Ke4 (
44. f6+ Kd7 45. e6+ 45... Kd6 $18) 44... Bf7 $2 (44... Kd7 $18) 45. f6+ Ke8 46.
e6 Bg6+ (46... Bxe6 47. Bxe6 Kf8 48. Bd5 $18) 47. Ke5 Kd8 (47... d3 48. Bc6+
48... Kd8 $18) 48. Kd6 (48. Kd6 Bh5 49. f7 Bxf7 50. exf7 d3 51. f8=Q#) 1-0

[Event "Bad Woerishofen op"]
[Site "Bad Woerishofen"]
[Date "2001.??.??"]
[Round "3"]
[White "Braun, Peter"]
[Black "Naumkin, Igor"]
[Result "0-1"]
[WhiteElo "2258"]
[BlackElo "2446"]
[Annotator "ChessOrg"]
[PlyCount "120"]
[EventDate "1998.03.05"]
[Source "ChessBase"]
[SourceDate "1998.04.29"]

1. d4 {A99: Hollaendische Verteidigung (Hauptvariante)} 1... e6 2. Nf3 f5 3. g3
Nf6 4. Bg2 Be7 5. O-O O-O 6. c4 d6 7. Nc3 a5 8. b3 Qe8 9. Bb2 Qh5 10. Re1 d5
11. Ne5 c6 12. e3 Qh6 13. f3 {letzter Buchzug} 13... Nbd7 14. Nd3 Bd6 15. Qc1
dxc4 16. bxc4 e5 17. Ba3 Bxa3 18. Qxa3 e4 19. Nf2 exf3 20. Bxf3 Re8 21. e4 fxe4
22. Ncxe4 Nxe4 23. Nxe4 Rf8 24. Bg2 Nf6 25. Nxf6+ (25. Qe3 Qxe3+ 26. Rxe3 Nxe4
27. Rxe4 27... Bf5 $11) 25... Qxf6 26. Qe3 Bd7 27. Rf1 Rae8 28. Qd2 Qd8 29.
Rxf8+ Rxf8 30. Re1 b5 31. cxb5 cxb5 32. Re5 b4 33. h4 Qb6 34. Kh2 h6 35. Qe3 a4
36. Re7 Qd6 37. Qe4 (37. Qe5 $5 37... Qxe5 38. dxe5 $11) 37... Bc6 $15 38. d5
Bd7 39. Rxd7 (39. Qe2 b3 40. axb3 40... axb3 $15) 39... Qxd7 $17 40. Qxb4 Rf2
41. Qc4 Kh8 42. Kg1 (42. Kh1 a3 43. Qb4 43... Qa7 $17) 42... Qa7 (42... Rb2 43.
a3 $17) 43. Kh1 Qa8 44. a3 Rb2 45. Qd4 Ra2 (45... Rb3 46. d6 Qd8 47. d7 Rxa3
48. Kh2 $17) 46. Qc5 Qe8 47. d6 (47. Qb4 $5 $17) 47... Qe1+ $19 48. Kh2 Qe4 49.
Qc8+ Kh7 50. Qh3 Qd5 51. Kh1 Qd1+ 52. Kh2 Qxd6 (52... Rxa3 53. Be4+ g6 54. Qd7+
Kh8 55. Qe8+ Kg7 56. Qxg6+ Kf8 57. Qxh6+ Ke8 58. Qe6+ Kf8 59. Bd5 Qd2+ 60. Kh3
Rxg3+ 61. Kxg3 Qc3+ 62. Kg4 Qg7+ 63. Kf4 Qd4+ 64. Kf5 Qf2+ 65. Kg5 Qg1+ 66. Kh5
Qd1+ 67. Kh6 Qc1+ 68. Kh7 Qc2+ 69. Be4 Qxe4+ 70. Qxe4 a3 71. Qe7#) 53. h5 $2 (
53. Qf5+ $142 53... Qg6 54. Qf3 $19) 53... Qd5 (53... Rxa3 $6 54. Be4+ Kg8 55.
Qc8+ Kf7 56. Qb7+ Kf8 57. Qa8+ Ke7 58. Qb7+ Ke6 59. Qxg7 Qd2+ 60. Bg2 $19) (
53... Qxa3 $6 54. Qf5+ Kg8 55. Qe6+ Kf8 56. Qf5+ Ke7 57. Qe4+ Kd7 58. Qb7+ Ke8
59. Qb5+ Ke7 60. Qb7+ Kf8 61. Qc8+ Kf7 62. Qf5+ Kg8 63. Qe6+ Kh8 64. Qc8+ Kh7
65. Qf5+ Kh8 66. Qc8+ Kh7 67. Qf5+ $11) 54. Kh1 Qd1+ 55. Kh2 Qf1 (55... Rxa3 $2
56. Qf5+ Kg8 57. Bd5+ Qxd5 58. Qxd5+ Kh8 59. Kh3 $18) 56. g4 Qf4+ 57. Kg1 Qc1+
58. Bf1 Rxa3 59. Qg2 Qe3+ 60. Kh1 Qf3 (60... Qf3 61. Qxf3 61... Rxf3 $19) 0-1

[Event "Bad Woerishofen op"]
[Site "Bad Woerishofen"]
[Date "2001.??.??"]
[Round "5"]
[White "Braun, Peter"]
[Black "Mainka, Romuald"]
[Result "1-0"]
[WhiteElo "2258"]
[BlackElo "2476"]
[Annotator "ChessOrg"]
[PlyCount "149"]
[EventDate "1998.03.05"]
[Source "ChessBase"]
[SourceDate "1998.04.29"]

1. d4 {A32: Englische Eroeffnung (Symmetrische Variante)} 1... Nf6 2. c4 c5 3.
Nf3 cxd4 4. Nxd4 e6 5. Nc3 a6 6. g3 Qc7 7. e4 {letzter Buchzug} 7... Bb4 8. Qd3
O-O 9. Bg2 Nc6 10. Nxc6 dxc6 (10... Qxc6 $143 11. O-O Ng4 12. Bf4 $11) 11. O-O
e5 12. a3 Be7 13. h3 Be6 14. Be3 b5 15. cxb5 axb5 16. Rfc1 Qb8 17. b4 Nd7 18.
Nd1 Rc8 19. Nb2 c5 20. Qd2 Rd8 21. Qe1 c4 22. Nd1 Nb6 23. Nc3 Na4 24. Nd5 Bxd5
(24... Bd6 25. Qd2 $15) 25. exd5 $11 25... Ra6 26. Rc2 Bd6 27. Rd1 Re8 28. Re2
Nb6 29. Bc1 Ra7 30. Kh1 Rae7 31. Be3 Qc7 32. Be4 Na4 33. g4 Qc8 34. f3 Rc7 35.
Rc1 g6 36. Rh2 c3 37. h4 Rc4 38. Rcc2 Rxe4 39. fxe4 Qxg4 40. Bc1 Qf3+ 41. Rhg2
Be7 42. Bg5 f6 (42... Bd6 43. Qe2 Qxe2 44. Rgxe2 $11) 43. Rcf2 Qh3+ 44. Rh2 Qd3
45. Bc1 (45. Bxf6 Bxf6 46. Rxf6 46... Rc8 $14) 45... Rc8 $11 46. Qe2 Qxe2 47.
Rxe2 Rc4 48. Kg2 Kf7 (48... f5 49. Kf3 $11) 49. Kf3 (49. h5 49... g5 $14) 49...
Rd4 50. Rh1 (50. h5 Rd3+ 51. Kg4 51... Kg7 $14) 50... Bd8 (50... Bd6 51. Be3
$14) 51. h5 $14 51... g5 52. Rhe1 h6 53. Rc2 Bb6 (53... f5 54. exf5 54... Kf6
$11) 54. Be3 (54. Kg4 $5 $14 $142) 54... Rd3 $17 55. Kf2 Bd4 56. Bxd4 exd4 57.
e5 fxe5 (57... Rd2+ $142 58. Rxd2 58... cxd2 $17) 58. Rxe5 $11 58... Rh3 (58...
Kf6 $5 $142 59. Re6+ Kf5 60. Rxh6 60... g4 $11) 59. Kg2 Rh4 60. d6 Nb6 61. Re7+
(61. Rce2 $5 61... Kf6 62. Rxb5 Rg4+ 63. Kh3 Rh4+ 64. Kg3 $18) 61... Kf6 $16
62. Rce2 d3 63. R2e6+ Kf5 64. Re5+ (64. Rxh6 $4 64... d2 65. Rf7+ 65... Kg4 $19
) 64... Kg4 $4 (64... Kf4 $11 $142) 65. d7 $18 (65. Rxb5 $4 65... d2 $19) 65...
Nxd7 66. Rxd7 Kf4 (66... c2 67. Rc5 $18) 67. Rc5 (67. Rxb5 $6 67... c2 68. Rc5
68... Ke3 $16) 67... Ke3 68. Rxc3 Rd4 69. Rxd4 Kxd4 70. Rc8 Ke3 (70... d2 71.
Rd8+ Ke3 72. Kf1 $18) 71. Re8+ Kd2 72. Kf2 Kc3 73. Rc8+ Kb3 74. Ke3 Kxa3 75.
Rh8 (75. Rh8 Kxb4 76. Kxd3 $18) (75. Kxd3 $143 75... Kxb4 76. Rc6 g4 77. Rxh6
77... Kc5 $18) 1-0

[Event "Bad Woerishofen op"]
[Site "Bad Woerishofen"]
[Date "2001.??.??"]
[Round "7"]
[White "Braun, Peter"]
[Black "Reefschlaeger, Helmut"]
[Result "0-1"]
[WhiteElo "2258"]
[BlackElo "2355"]
[Annotator "ChessOrg"]
[PlyCount "122"]
[EventDate "1998.03.05"]
[Source "ChessBase"]
[SourceDate "1998.04.29"]

1. d4 {E62: Koenigsindisch (6...Sc6)} 1... Nf6 2. Nf3 g6 3. c4 Bg7 4. g3 O-O 5.
Bg2 d6 6. Nc3 Nc6 7. O-O Bg4 8. h3 Bxf3 9. Bxf3 Nd7 10. e3 e5 11. d5 Ne7 12.
Rb1 {letzter Buchzug} 12... f5 13. Be2 g5 14. e4 h6 15. b4 Nf6 16. Bf3 Qd7 17.
Kh2 Rf7 18. Qe2 Raf8 19. Bg2 f4 20. Rb3 Ng6 (20... g4 21. gxf4 exf4 22. f3 g3+
23. Kh1 $15) 21. g4 $14 21... f3 22. Bxf3 (22. Qxf3 $143 22... Nxd5 23. Qg3
23... Ndf4 $15) 22... Nh5 23. Bg2 (23. gxh5 $4 23... Rxf3 24. Rh1 Rxh3+ 25. Kg1
Nh4 26. Rxh3 26... Qxh3 $19) 23... Nhf4 24. Bxf4 Nxf4 (24... exf4 25. Bf3 $14)
25. Qd1 h5 26. f3 hxg4 27. hxg4 Rf6 28. Ne2 Rh6+ 29. Kg1 Kf7 30. Nxf4 exf4 31.
Kf2 Rh2 (31... Qa4 32. Qd2 $11) 32. Rb1 Rfh8 33. Qd3 (33. Rh1 $16 $142) 33...
Qa4 $17 34. Rbd1 Qxb4 35. e5 (35. Rfe1 $5 $17) 35... Qc5+ $19 36. Qd4 Bxe5 37.
Qxc5 dxc5 38. Rfe1 Re8 (38... Bc3 $5 39. Re6 $19) 39. Kf1 Bd4 40. Rxe8 Kxe8 41.
Rb1 b6 42. a4 Kd7 43. Re1 Be3 44. Rd1 Kd6 45. Rd3 a6 46. Rb3 Ke5 47. Rd3 b5 (
47... Bd4 48. Rd2 $19) 48. d6 cxd6 (48... bxc4 49. dxc7 cxd3 50. c8=Q $18) (
48... bxa4 $4 49. dxc7 Rh8 50. Rd5+ Kf6 51. Rd8 $18) 49. axb5 axb5 50. cxb5 c4
51. Ra3 Bc5 (51... Kd5 52. Ra2 Kc5 53. Ke1 $19) 52. Ra2 d5 53. Ke1 (53. Re2+
Be3 54. Ke1 $19) 53... d4 54. Re2+ (54. Rc2 d3 55. Rxc4 55... Be3 $19 (55...
Rxg2 $6 56. Rxc5+ Kd4 57. Rxg5 $15)) 54... Kd5 55. Bf1 (55. b6 d3 56. b7 Bb4+
57. Rd2 Bxd2+ 58. Kd1 $19) 55... Bb4+ 56. Kd1 Rh1 57. Rb2 Rxf1+ 58. Ke2 Re1+
59. Kf2 Bc3 (59... c3 60. Ra2 d3 61. Ra7 d2 62. Rd7+ Bd6 63. Rf7 d1=Q 64. Rf5+
Kc4 65. Rxf4+ Bxf4 66. Kg2 Qe2+ 67. Kh3 Qxf3#) 60. b6 Bxb2 61. Kxe1 Kc6 (61...
Kc6 62. b7 Kc7 63. b8=Q+ Kxb8 64. Kd1 d3 65. Kd2 Bd4 66. Kc1 c3 67. Kb1 c2+ 68.
Kc1 Be3+ 69. Kb2 c1=Q+ 70. Kb3 Qc2+ 71. Kb4 d2 72. Kb5 Qc5+ 73. Ka4 d1=Q#) 0-1

[Event "Bad Woerishofen op"]
[Site "Bad Woerishofen"]
[Date "2001.??.??"]
[Round "9"]
[White "Braun, Peter"]
[Black "Wallhof, Dieter"]
[Result "1-0"]
[WhiteElo "2258"]
[BlackElo "2061"]
[Annotator "ChessOrg"]
[PlyCount "63"]
[EventDate "1998.03.05"]
[Source "ChessBase"]
[SourceDate "1998.04.29"]

1. Nf3 {D21: Angenommenes Damengambit} 1... d5 2. d4 e6 3. c4 dxc4 4. Nc3 Bb4
5. e3 5... Nd7 {letzter Buchzug} 6. Bxc4 Ngf6 7. a3 Bxc3+ 8. bxc3 O-O 9. O-O c5
10. Bd3 Re8 11. e4 e5 12. dxe5 Nxe5 13. Nxe5 Rxe5 14. f4 Re7 15. Qf3 Bg4 16.
Qg3 h5 (16... c4 $142 17. Bb1 17... Be2 $19) 17. e5 $14 17... Nd5 18. h3 c4 (
18... Bd7 19. c4 Nb6 20. f5 Bxf5 21. Bxf5 Qd4+ 22. Be3 Qxe5 23. Qxe5 Rxe5 24.
Bc1 $11) 19. Bc2 (19. Bxc4 $5 $142 19... Bf5 20. Rd1 $16) 19... Be2 20. Re1 Bd3
21. Bxd3 cxd3 22. Qxd3 Rc8 23. Qf3 (23. Bd2 $5 $14) 23... Rxc3 $11 24. Qxh5 Nf6
(24... Nxf4 $5 $142 25. Bxf4 Qd4+ 26. Kh1 26... Qxf4 $11) 25. Qh4 Nd5 26. Kh2
Qc8 27. Rd1 Rd7 28. Kh1 a6 29. f5 (29. Qg4 29... Qe8 $16) 29... Rc4 (29... Ne7
$5 30. Rxd7 30... Qxd7 $11) 30. Qg5 $16 30... Nc3 $4 (30... f6 $142 31. exf6
31... Nxf6 $16) 31. Rxd7 $18 31... Qxd7 32. f6 (32. f6 Qd1+ 33. Kh2 $18) 1-0

[Event "Bad Woerishofen op"]
[Site "Bad Woerishofen"]
[Date "2001.??.??"]
[Round "2"]
[White "Bretscher, Robert"]
[Black "Muraziu, Nicky"]
[Result "0-1"]
[WhiteElo "1694"]
[BlackElo "1997"]
[Annotator "ChessOrg"]
[PlyCount "82"]
[EventDate "1998.03.05"]
[Source "ChessBase"]
[SourceDate "1998.04.29"]

1. e4 {B41: Sizilianisch (Paulsen-Variante)} 1... c5 2. Nf3 e6 3. d4 cxd4 4.
Nxd4 a6 5. Be2 Nf6 6. Nc3 Bb4 7. f3 {letzter Buchzug} 7... Qc7 8. Qd3 d5 9. O-O
Bc5 10. Kh1 h5 (10... Nc6 11. Nxc6 bxc6 12. f4 $11) 11. f4 (11. exd5 exd5 12.
Bg5 12... Nbd7 $14) 11... Nc6 $11 12. Nxc6 bxc6 (12... Qxc6 $143 13. exd5 exd5
14. Bf3 $16) 13. e5 Nd7 14. Qg3 g6 15. Bd3 Bb7 16. Na4 Be7 17. Qf2 c5 18. c3 g5
19. fxg5 19... O-O-O $2 (19... Nxe5 $142 20. Be2 20... Bd6 $11) 20. Qxf7 $18
20... Qc6 (20... Rde8 21. Bf4 $18) 21. Qxe7 d4 22. Rg1 Qxa4 23. Qxe6 Rde8 (
23... dxc3 24. Bf5 $18 (24. bxc3 $6 24... Rhe8 25. Qb3 25... Qc6 $18)) 24. Qd6
Qc6 25. cxd4 Qxd6 26. exd6 h4 (26... Rhf8 27. Bd2 Rf2 28. Bc3 $18) 27. h3 (27.
Bd2 $5 27... cxd4 28. Rac1+ 28... Kb8 $18) 27... Rhf8 28. Bd2 Rf2 29. Bc3 (29.
Rge1 $142 29... Ref8 30. Be3 Rxb2 31. dxc5 Bxg2+ 32. Kg1 Bxh3 33. Bxa6+ Kd8 34.
Re2 Rxe2 35. Bxe2 $18) 29... Re3 $16 30. Kh2 (30. Bf5 $1 30... Rxf5 31. Rge1
cxd4 32. Bxd4 Rxe1+ 33. Rxe1 $14) 30... Rxd3 $11 31. Rae1 Bd5 32. Re8+ Kb7 33.
Re7 $2 (33. Rd8 Kc6 34. dxc5 Nxc5 35. Be5 $17) 33... Kc6 $19 34. Be1 Rxb2 35.
g6 Kxd6 36. Bxh4 (36. Re8 Be6 (36... Bxa2 $143 37. g7 $17) 37. Rf1 Rxh3+ (37...
Rxd4 38. Bc3 Rc2 39. Rxe6+ Kxe6 40. g7 Rxc3 41. g8=Q+ Kd6 42. Qc8 $16) 38. Kg1
Re3 39. dxc5+ Nxc5 (39... Kxc5 $143 40. Bf2 Rxf2 41. Kxf2 $11) 40. Rd8+ 40...
Kc6 $17) 36... Rdd2 (36... Rxd4 37. Rxd7+ Kxd7 38. Bf6 $19) 37. dxc5+ (37. Kg3
Rxa2 (37... Bxa2 $143 38. dxc5+ Nxc5 39. Re3 $17) 38. Re8 Rxg2+ 39. Rxg2 Rxg2+
(39... Bxg2 $6 40. Be7+ Kc6 41. Bg5 $15) 40. Kf4 cxd4 41. Be7+ Kc7 42. Bd8+
42... Kc6 $19) 37... Nxc5 38. Rh7 (38. Kg3 Ne6 39. Rxe6+ Bxe6 40. Kf3 $19)
38... Rxg2+ 39. Rxg2 Rxg2+ (39... Bxg2 $6 40. Kg3 Be4 41. Be7+ Kc6 42. Bxc5
Kxc5 43. Rc7+ Kd6 44. Ra7 Rxa2 45. g7 $17) 40. Kh1 Rxg6+ 41. Kh2 Rg2+ (41...
Rg2+ 42. Kh1 Rg7+ 43. Kh2 Rxh7 44. Bg3+ 44... Ke6 $19) 0-1

[Event "Bad Woerishofen op"]
[Site "Bad Woerishofen"]
[Date "2001.??.??"]
[Round "4"]
[White "Bretscher, Robert"]
[Black "Gerhards, Walter"]
[Result "0-1"]
[WhiteElo "1694"]
[BlackElo "1900"]
[Annotator "ChessOrg"]
[PlyCount "66"]
[EventDate "1998.03.05"]
[Source "ChessBase"]
[SourceDate "1998.04.29"]

1. e4 {C19: Franzoesische Verteidigung (Nimzowitsch-Variante)} 1... e6 2. d4 d5
3. Nc3 Bb4 4. e5 c5 5. a3 Bxc3+ 6. bxc3 Ne7 7. Nf3 Bd7 8. Be2 Ba4 9. O-O 9...
Nbc6 {letzter Buchzug} 10. Rb1 b6 11. Bb5 (11. Bg5 h6 12. Be3 12... Nf5 $11)
11... Bxb5 12. Rxb5 a6 13. Rb1 Nf5 14. Bg5 Qc7 15. g4 Nfe7 16. Kg2 Ng6 17. h4
h5 18. gxh5 Rxh5 19. Rh1 Nce7 (19... Ra7 20. Nd2 Rxg5+ 21. hxg5 cxd4 22. cxd4
Nxd4 23. Nf3 Nf4+ 24. Kh2 $15) 20. Ne1 Rh7 21. h5 Nf8 22. Nf3 (22. Bxe7 Kxe7
23. Qd3 23... b5 $17) 22... Nf5 $17 23. Nh4 Nxh4+ 24. Rxh4 Rc8 25. Rb2 b5 26.
h6 (26. a4 $5 26... bxa4 27. Ra2 $17) 26... gxh6 27. Bxh6 Qe7 28. Rh3 $4 (28.
Qg4 $142 28... Ng6 29. Rh3 $17) 28... Rxh6 $1 $19 29. Rg3 Ng6 (29... Qh4 30.
Kf1 Qh1+ 31. Ke2 $19) 30. Qd2 Qh4 31. Rb1 (31. Kf1 Qh1+ 32. Rg1 Qh3+ 33. Ke2
33... Rh4 $19) 31... Qe4+ 32. f3 Qf4 (32... Qh4 $142 33. Qf2 cxd4 34. Kf1 Rxc3
35. Rd1 $19) 33. Qf2 (33. Qxf4 Nxf4+ 34. Kf2 Rh2+ 35. Ke3 35... Ng6 $19) 33...
Ke7 (33... Ke7 34. Rg4 Rh2+ 35. Kg1 Rxf2 36. Rxf4 36... Rxc2 $19) (33... cxd4
34. cxd4 Nh4+ 35. Kf1 $19) 0-1

[Event "Bad Woerishofen op"]
[Site "Bad Woerishofen"]
[Date "2001.??.??"]
[Round "6"]
[White "Bretscher, Robert"]
[Black "Lechner, Otto"]
[Result "0-1"]
[WhiteElo "1694"]
[BlackElo "1810"]
[Annotator "ChessOrg"]
[PlyCount "77"]
[EventDate "1998.03.05"]
[Source "ChessBase"]
[SourceDate "1998.04.29"]

1. e4 {B01: Skandinavische Verteidigung} 1... d5 2. exd5 Qxd5 3. Nc3 Qa5 4. d4
c6 5. Nf3 Nf6 6. Be2 Bf5 7. O-O e6 8. Ne5 {letzter Buchzug} 8... Nbd7 9. Nc4
Qc7 10. Bf3 h6 11. Re1 Nb6 12. Ne3 Bh7 13. Ne2 (13. a4 13... Bd6 $11) 13... Be7
(13... Bd6 14. h3 $15) 14. c3 O-O 15. Ng4 Nxg4 16. Bxg4 Nd5 17. Ng3 Bd6 18. Nf1
Rae8 19. g3 Qb6 (19... e5 20. Ne3 $11) 20. Qb3 (20. c4 Bb4 21. Bd2 21... Nf6
$11) 20... Qc7 21. Ne3 f5 22. Bh3 (22. Bh5 22... Re7 $14) 22... Qf7 (22... f4
23. Nxd5 exd5 24. Rxe8 Rxe8 25. Bxf4 Bxf4 26. gxf4 Qxf4 27. Qd1 $17 (27. Qxb7
$4 27... Qg5+ 28. Bg2 Be4 29. Qf7+ Kxf7 30. Kf1 Bxg2+ 31. Kg1 Bf3+ 32. Kf1 Qg2#
)) 23. Nxd5 (23. Nc4 $5 $142 23... Bb8 24. f4 $14) 23... exd5 $11 (23... cxd5
$143 24. Bf4 Bxf4 25. gxf4 $14) 24. Bd2 f4 25. Rxe8 Rxe8 26. Re1 Be4 (26...
Rxe1+ $142 27. Bxe1 27... Bd3 $15) 27. f3 $4 (27. Qd1 $11 $142) 27... fxg3 $19
28. hxg3 (28. Bg2 gxh2+ 29. Kh1 29... Bf5 $19) 28... Bxg3 (28... Qxf3 29. Rxe4
Qxg3+ 30. Bg2 Qh2+ 31. Kf1 Rf8+ 32. Bf4 Bxf4 33. Re8 Rxe8 34. Qc2 $19) 29. Rf1
$4 (29. Re3 Qh5 30. Rxe4 Rxe4 31. Kg2 Re2+ 32. Kxg3 g5 33. Bxg5 hxg5 34. Qxd5+
cxd5 35. Be6+ Kg7 36. f4 Qh4+ 37. Kf3 Rf2+ 38. Ke3 Qg3#) 29... Bd3 (29... Bxf3
$142 30. Be1 30... Bxe1 $19) 30. Rd1 (30. Qd1 $19) 30... Qxf3 31. Bg2 (31.
Qxd5+ cxd5 32. Rf1 Bh2+ 33. Kxh2 Re2+ 34. Kg1 Qg3+ 35. Kh1 Qh2#) 31... Bf2+ 32.
Kh2 Qh5+ (32... Qg3+ 33. Kh1 Qh4+ 34. Bh3 Qxh3#) 33. Bh3 Re2 34. Bf4 (34. Qxd5+
cxd5 35. Rf1 Qh4 36. Bf4 Bxd4+ 37. Rf2 Qxf2+ 38. Bg2 Qxg2#) 34... Be3+ 35. Kg3
Bxf4+ 36. Kxf4 Qxh3 37. Qxb7 (37. Qxd5+ cxd5 38. Rxd3 g5#) 37... Qh2+ (37...
g5#) 38. Kf3 (38. Kg4 Re4+ 39. Kf3 Be2#) 38... Qg2+ 39. Kf4 0-1

[Event "Bad Woerishofen op"]
[Site "Bad Woerishofen"]
[Date "2001.??.??"]
[Round "7"]
[White "Bretscher, Robert"]
[Black "Antoniacci, Riccardo"]
[Result "0-1"]
[WhiteElo "1694"]
[BlackElo "2052"]
[Annotator "ChessOrg"]
[PlyCount "114"]
[EventDate "1998.03.05"]
[Source "ChessBase"]
[SourceDate "1998.04.29"]

1. e4 {B34: Sizilianisch (Beschleunigtes Fianchetto)} 1... c5 2. Nf3 Nc6 3. d4
cxd4 4. Nxd4 g6 5. Be3 Bg7 6. Nc3 Nf6 7. Be2 O-O 8. O-O d5 9. Nxc6 bxc6 10. e5
Nd7 11. f4 11... e6 {letzter Buchzug} 12. Kh1 Qa5 13. a3 Ba6 14. b4 Bxe2 15.
Qxe2 Qc7 16. Na4 Nb6 17. Nb2 a5 18. Bc5 Rfe8 19. Bd6 Qd7 20. Qf2 Qb7 21. Bc5
Nd7 22. Bd6 Ra6 23. Nd3 Rea8 24. Rfb1 axb4 25. Rxb4 Rb6 26. Qd4 (26. Rab1 Rxb4
27. Rxb4 27... Qc8 $11) 26... Bf8 (26... Rxb4 $5 27. Bxb4 27... Qb5 $11) 27.
Bxf8 $16 27... Kxf8 28. c3 Ra5 29. Rxb6 Qxb6 30. Qb4+ (30. Qxb6 $5 30... Nxb6
31. Nb2 $15) 30... c5 $17 31. Qb2 Qa6 32. Nf2 Rb5 (32... Qc4 33. Qc1 $17) 33.
Qc2 c4 34. Kg1 (34. Nd1 34... Nc5 $15) 34... Nc5 35. Nd1 Ra5 36. Qb2 Nb3 (36...
Qa7 $5 37. Qf2 Rxa3 38. Rxa3 38... Qxa3 $19) 37. Ra2 $15 37... Ke7 (37... Qa7+
38. Kh1 $17) 38. Qf2 (38. Kh1 $5 $11 $142) 38... Rxa3 $17 39. Qh4+ (39. Rxa3 $5
39... Qxa3 40. Qb6 $17) 39... Ke8 $19 40. Rxa3 Qxa3 41. Qxh7 (41. Qe1 41... Qc1
$19) 41... Qc1 42. Qh8+ Kd7 43. Qf8 (43. h3 Qxd1+ 44. Kh2 44... Qd2 $19) 43...
Qxd1+ 44. Kf2 Qd2+ 45. Kg3 Qxc3+ 46. Kg4 Qa5 (46... Qd2 $142 47. Qxf7+ Kc6 48.
Qxe6+ 48... Kc5 $19) 47. Qxf7+ Kd8 (47... Kc6 $5 48. Qxe6+ Kc5 49. Qxg6 49...
Qa2 $19) 48. Qf8+ (48. Qxe6 $5 48... Qc5 49. Qg8+ Kc7 50. Qf7+ Kb6 51. Qxg6+
Qc6 52. e6 $11) 48... Kc7 $17 49. Qd6+ Kb7 50. Qxe6 c3 51. Qxg6 $2 (51. Qd7+
$142 51... Kb6 52. Qd6+ Kb5 53. e6 $11 (53. Qxg6 $143 53... Kc4 54. e6 54...
Qa2 $19)) 51... Qc7 52. Qc2 Nd4 53. Qb1+ Kc6 (53... Kc8 $142 54. Qa1 c2 55.
Qa8+ Kd7 56. Qxd5+ Ke7 57. Qxd4 c1=Q 58. Qb4+ Kf7 59. Qb3+ 59... Kg7 $19) 54.
f5 $4 (54. Qg6+ $142 54... Kc5 55. Qd3 Qd7+ 56. Kg3 Nf5+ 57. Kf2 $19) 54... c2
55. Qc1 (55. Qf1 Nb3 56. Qa6+ Kc5 57. Qa3+ 57... Kc4 $19) 55... Qg7+ 56. Kh5
Qh7+ 57. Kg5 Qxf5+ (57... Qxf5+ 58. Kh4 Qh7+ 59. Kg5 59... Nb3 $19) 0-1